Volando con le cicogne. (Record n. 217547)

Dettagli MARC
000 -LEADER
campo di controllo lung. fissa 01492nam a2200229Ia 4500
001 - Numero di controllo
campo di controllo a1663-42129
003 - Identificatore del numero di controllo
campo di controllo IT-MiCISF
005 - Data e orario dell'ultima transazione
campo di controllo 20230307151826.0
008 - Elementi di lunghezza fissa--Informazione generale
campo di controllo lung. fissa 161014s9999||||xx |||||||||||||| ||und||
040 ## - Fonte della catalogazione
Agenzia catalografica originale IT-MiCISF
Agenzia che fa la trascrizione IT-MiCISF
041 ## - Codice di lingua
Codice di lingua del testo/traccia sonora o titolo separato it
100 ## - Accesso principale -- nome di persona
Nome di persona Bartolucci Rossella, Marabelli Fara
9 (RLIN) 59641
245 #0 - Formulazione del titolo
Titolo Volando con le cicogne.
Complemento del titolo Consigli per aiutarle a sceglierci. Storie di coppie infertili, prima e dopo la nuova legge
260 ## - Pubblicazione, distribuzione, ecc. (stampa)
Nome dell'editore, distributore, ecc. Editrice Mammeonline,
Data di pubblicazione, distribuzione, ecc. 2004,
Luogo di pubblicazione, distribuzione, ecc. Foggia
300 ## - Descrizione fisica
Estensione pp. 285
500 ## - Nota generale
Nota generale / procreazione-artificiale, coppia, esperienze, sterilità, indirizzi /
520 ## - Riassunto, ecc.
Nota di riassunto, ecc. Nel volume si racconta il cammino da percorrere quando si affronta la fecondazione assistita. Prima, durante e dopo sono i passaggi che si devono affrontare, dalla scoperta di una difficoltà a concepire, agli esami da fare, alle terapie e possibili soluzioni. Un capitolo è dedicato alla nuova legge sulla fecondazione assistita, e cosa succederà secondo gli AA. con la sua approvazione. Per chi vuole andare all'estero, viene fornito un elenco di centri dove è possibile sottoporsi a fecondazione assistita, con i contatti e i siti internet, e con un occhio alle normative in vigore. Il filo che lega tutto il libro è rappresentato dalle storie delle coppie alle prese con la fecondazione assistita, alcune con il lieto fine, altre con il finale ancora aperto.
650 ## - Accesso aggiunto di soggetto--termine topico
Termine topico o nome geografico come accesso procreazione
Termine di ruolo 001
9 (RLIN) 56309
654 ## - Accesso aggiunto di soggetto--termini topici faccettati
Termine principale saggio
942 ## - Dati aggiuntivi (Koha)
Tipo copia default (Koha) LIBRO
Fonte della classificazione o dello schema di collocazione (segnatura) Dewey Decimal Classification
999 ## - Sys Number locale (Koha)
Koha Dewey Subclass [OBSOLETE] si
Dati di copia
Ritirato (status) Perso (status) Danneggiato (status) Non per il presito Biblioteca proprietaria Biblioteca in cui si trova Data d'acquisizione Totale prestiti Collocazione Data ultima operazione Prezzo in vigore dal Tipo copia default (Koha) Nota pubblica
    Buone Condizioni Not For Loan CISF - Milano CISF - Milano 14/10/2016   a1663-42129 14/10/2016 14/10/2016 LIBRO Data import 15.10.2016 / by Epidotti, Vaglietti
CREDITS: SOCIETA' SAN PAOLO Via A.Severo, 58 - ROMA (RM) & PERIODICI SAN PAOLO SRL Via Giotto, 36 MILANO & CISF Via Giotto, 36 MILANO & EDIZIONI SAN PAOLO SRL,  Piazza Soncino, 5 CINISELLO BALSAMO (MI) -- ITALY